00899nam a22002297a 4500003000400000005001700004008004100021020001500062040000700077100003300084245008200117260004300199300001900242500004800261505014100309650002800450650003100478650001800509942003200527999001500559952009500574OSt20190405065350.0181201b xxu||||| |||| 00| 0 spa d a9502006461 cPJ 93955aBeraldi, Roberto Mario14aEl derecho de la propiedad industrial y el Mercosur /cRoberto Mario Beraldi. aBuenos Aires :bAbeledo-Perrot,c1992. a101 p.c18 cm. aContiene citas y notas al pie de páginas. aContenido: Los derechos de los autores de obras literarias y artísticas. -- Los derechos de los artistas intérpretes o ejecutantes. 091602aDERECHO COMERCIAL 093284aPROPIEDAD INDUSTRIAL 09301aMERCOSUR 2udccLIBh347.77:339.2iBER c2587d2587 00102udc4070aDJSbDJSd2019-04-05o347.77:339.2 BERp1043r2019-04-05w2019-04-05yLIB